Statistics for Walking Dead Characters Hard

Click here to take the quiz!

General Stats

  • This quiz has been taken 1,200 times
  • The average score is 42 of 84

Answer Stats

HintAnswer% Correct
Carl
99%
Grimes FamilyRick
99%
Lori
98%
Sheriff DepartmentShane
94%
Judith
92%
Greene FamilyHershel
91%
Maggie
91%
Andrea
90%
Beth
90%
Just type MichonneMichonne
88%
Carol
87%
Amy
86%
Abraham's GroupAbraham
83%
Dale
83%
Daryl
83%
Ed
83%
Merle
83%
Tyreese's GroupTyreese
83%
Jones FamilyMorgan
82%
Sasha
82%
Jim
81%
Eugene
79%
Atlanta CampGlenn
79%
Sophia
79%
Otis
77%
Rosita
77%
T-dog
71%
Duane
69%
Farm ResidentsPatricia
68%
Tara
67%
Jimmy
66%
Jacqui
65%
Martinez
61%
Prison GroupAxel
59%
Morales
59%
CDCJenner
56%
WoodburyTheGovernor
56%
TerminusGareth
55%
Prison NewcomersBob
53%
Milton
48%
Oscar
47%
Chambler FamilyLilly
44%
ClaimersJoe
42%
Randall
42%
Karen
41%
Tomas
41%
Meghan
38%
Big Tiny
37%
Lizzie
37%
Mika
35%
David
34%
Andrew
33%
Jones(Walker)Jenny
33%
Mary
33%
Bar GroupDave
31%
Patrick
31%
Tony
30%
Tony
30%
Ben
26%
Leon
26%
Nursing HomeGuillermo
25%
Donna
24%
Pete
22%
Shumpert
22%
Alex
21%
Vi
21%
Allen
19%
Zach
18%
Louis
16%
Eliza
15%
Mitch
15%
Tim
15%
Miranda
14%
Felipe
13%
Len
13%
Abuela
11%
Miguel
11%
Candace
10%
Martinez's GroupAlisha
9%
Caleb
9%
Lambert
9%
Crowley
8%
Gargulio
7%
Jody
5%

Score Distribution

Percentile by Number Answered

Percent of People with Each Score

Your Score History

You have not taken this quiz